La hacienda de nuestros abuelos (Record no. 53781)

MARC details
000 -LEADER
campo de control de longitud fija 00697nam a22002055i 4500
001 - NÚMERO DE CONTROL
campo de control 53781
003 - IDENTIFICADOR DE NÚMERO DE CONTROL
campo de control ES-MaACL
005 - FECHA Y HORA DE LA ÚLTIMA TRANSACCIÓN
campo de control 20250905063041.0
007 - CAMPO FIJO DE DESCRIPCIÓN FÍSICA--INFORMACIÓN GENERAL
campo de control de longitud fija t|
008 - DATOS DE LONGITUD FIJA--INFORMACIÓN GENERAL
campo de control de longitud fija 960708s1872 sp ||||1| spa d
040 ## - FUENTE DE CATALOGACIÓN
Centro catalogador/agencia de origen CAM
Lengua de catalogación spa
Centro/agencia transcriptor CAM
100 1# - ENTRADA PRINCIPAL--NOMBRE DE PERSONA
Nombre de persona Fernández y González, Modesto,
Fechas asociadas al nombre 1840-1899
9 (RLIN) 50184
245 13 - MENCIÓN DEL TÍTULO
Título La hacienda de nuestros abuelos
Resto del título : conferencias de aldea /
Mención de responsabilidad, etc. escritas por Modesto Fernández y González.
250 ## - MENCION DE EDICION
Mención de edición 2ª ed.
260 ## - PUBLICACIÓN, DISTRIBUCIÓN, ETC.
Lugar de publicación, distribución, etc. Madrid :
Nombre del editor, distribuidor, etc. [s.n.,
Fecha de publicación, distribución, etc. 1872?] (
Fabricante imprenta de la Biblioteca de Instrucción y Recreo)
300 ## - DESCRIPCIÓN FÍSICA
Extensión 384, [3] p. ;
Dimensiones 18 cm.
500 ## - NOTA GENERAL
Nota general Fecha de la introducción, 1872.
852 ## - LOCALIZACIÓN
Ubicación ES-MaACL
Número de control de estantería G-10115
Holdings
Estatus retirado Estado de pérdida Estado de daño No para préstamo Colección Biblioteca de origen Biblioteca actual Ubicación en estantería Fecha de adquisición Fuente de adquisición Total de préstamos Signatura topográfica completa Código de barras Visto por última vez Precio de reemplazo Tipo de ítem Koha
        Libros del s. XIX Biblioteca del Ateneo de Madrid Biblioteca del Ateneo de Madrid Sala Pecera Planta 3 17/01/2008     G-10115 1056518 23/02/2023 23/02/2023 Libro impreso antiguo